Hướng dẫn đánh giá tác động môi trường nuôi trồng thủy sản ven biển
Nội dung gồm một số vấn đề đánh giá tác động môi trường và nuôi trồng thủy sản ven biển Việt Nam, Biên pháp giảm thiểu tác động xấu, phòng ngừa và ứng cứu sự cố môi trường.
Kaydedildi:
| Müşterek Yazar: | |
|---|---|
| Materyal Türü: | Kitap |
| Dil: | Undetermined |
| Baskı/Yayın Bilgisi: |
Hà Nội
Nxb. Hà Nội
2007
|
| Konular: | |
| Etiketler: |
Etiketle
Etiket eklenmemiş, İlk siz ekleyin!
|
| Thư viện lưu trữ: | Trung tâm Học liệu Trường Đại học Cần Thơ |
|---|
| LEADER | 00924nam a2200205Ia 4500 | ||
|---|---|---|---|
| 001 | CTU_230214 | ||
| 008 | 210402s9999 xx 000 0 und d | ||
| 020 | |c 41500 | ||
| 082 | |a 639.8 | ||
| 082 | |b B450 | ||
| 110 | |a Bộ Thủy sản | ||
| 245 | 0 | |a Hướng dẫn đánh giá tác động môi trường nuôi trồng thủy sản ven biển | |
| 245 | 0 | |c Bộ Thủy sản | |
| 260 | |a Hà Nội | ||
| 260 | |b Nxb. Hà Nội | ||
| 260 | |c 2007 | ||
| 520 | |a Nội dung gồm một số vấn đề đánh giá tác động môi trường và nuôi trồng thủy sản ven biển Việt Nam, Biên pháp giảm thiểu tác động xấu, phòng ngừa và ứng cứu sự cố môi trường. | ||
| 650 | |a Nuôi trồng thủy sản,Aquaculture | ||
| 904 | |i Bằng | ||
| 980 | |a Trung tâm Học liệu Trường Đại học Cần Thơ | ||